000 00614nam a2200229Ia 4500
003 OSt
005 20220926033905.0
006 a|||||r|||| 00| 0
007 ta
008 220923b |||||||| |||| 00| 0 eng d
037 _cGeneral Book
040 _aRTL
_cRTL
_beng
041 _2eng
_aeng
082 _aY:434.2.N7, L3
245 0 _aCHALLENGE OF poverty and the Gandhian answer
260 _aVaranasi
_bServa Seva Sangh Prakashan
_c1973
300 _a77p
_ccm.
500 _aAppendix P55-77
650 _aPoverty
942 _hY:434.2.N7, L3
_cGB
_2CC
999 _c658205
_d658205